<?xml version="1.0" encoding="UTF-8"?>
<marc:record xmlns:marc="http://www.loc.gov/MARC21/slim">
   <marc:leader>00000nam a2200000 a 4500</marc:leader>
   <marc:datafield ind1="1" ind2=" " tag="100">
      <marc:subfield code="a">Lindgren, Astrid</marc:subfield>
      <marc:subfield code="4">aut</marc:subfield>
      <marc:subfield code="e">Verfasser/-in</marc:subfield>
   </marc:datafield>
   <marc:datafield ind1="0" ind2="0" tag="245">
      <marc:subfield code="a">Pippi geht von Bord</marc:subfield>
   </marc:datafield>
   <marc:datafield ind1="0" ind2="0" tag="245">
      <marc:subfield code="c">Astrid Lindgren ; Regie von Olle Hellbom</marc:subfield>
   </marc:datafield>
   <marc:datafield ind1=" " ind2="1" tag="264">
      <marc:subfield code="a">Hamburg</marc:subfield>
      <marc:subfield code="b">Oetinger Media GmbH</marc:subfield>
      <marc:subfield code="c">2007</marc:subfield>
   </marc:datafield>
   <marc:datafield ind1="1" ind2=" " tag="520">
      <marc:subfield code="a">Angaben aus der Verlagsmeldung

Pippi geht von Bord / von Astrid Lindgren

Hej, Pippi Langstrumpf! Von der Villa Kunterbunt auf die Hoppetosse Seit Pippi Langstrumpf in das Haus neben Tommy und Annika eingezogen ist, gibt es für die beiden keine Langeweile mehr! Aber eines Tages taucht Kapitän Langstrumpf. Pippis Vater, auf. Nimmt er Pippi jetzt mit nach Taka-Tuka-Land und lässt Tommy und Annika allein zurück? Oder bleibt Pippi lieber zu Hause bei ihren Freunden? Der zweite Pippi-Klassiker - zeitlos frech und fröhlich!
</marc:subfield>
   </marc:datafield>
   <marc:datafield ind1=" " ind2=" " tag="020">
      <marc:subfield code="a">9783837350128</marc:subfield>
      <marc:subfield code="9">9783837350128</marc:subfield>
   </marc:datafield>
   <marc:datafield ind1=" " ind2=" " tag="020">
      <marc:subfield code="a">3837350126</marc:subfield>
      <marc:subfield code="9">3837350126</marc:subfield>
   </marc:datafield>
</marc:record>
